[Event "Glorney Gilbert International 2015 - Glorney"]
[Site "Johnstown House, Enfield, Co. Meath, Ireland"]
[Date "2015.07.20"]
[Round "2.9"]
[White "IRL O'Gorman, Tom"]
[Black "SCO Underwood, Jamie"]
[Result "1-0"]
[BlackElo "1534"]
[WhiteElo "1859"]
[LiveChessVersion "1.4.6"]

1. d4 {[%clk 1:30:54]} d5 {[%clk 1:30:57]} 2. c4 {[%clk 1:31:20]} e6
{[%clk 1:31:14]} 3. Nc3 {[%clk 1:31:29]} Nf6 {[%clk 1:30:52]} 4. cxd5
{[%clk 1:30:55]} exd5 {[%clk 1:30:51]} 5. Bg5 {[%clk 1:31:18]} c6
{[%clk 1:28:13]} 6. e3 {[%clk 1:31:14]} Bf5 {[%clk 1:26:40]} 7. Qf3
{[%clk 1:29:17]} Bg6 {[%clk 1:25:48]} 8. Bxf6 {[%clk 1:29:13]} Qxf6
{[%clk 1:25:52]} 9. Qxf6 {[%clk 1:29:30]} gxf6 {[%clk 1:26:18]} 10. Nf3
{[%clk 1:29:40]} Nd7 {[%clk 1:25:05]} 11. h4 {[%clk 1:28:58]} h6 {[%clk 1:20:26]}
12. h5 {[%clk 1:27:14]} Bh7 {[%clk 1:18:31]} 13. Kd2 {[%clk 1:26:38]} O-O-O
{[%clk 1:13:50]} 14. Bd3 {[%clk 1:26:47]} Bxd3 {[%clk 1:13:00]} 15. Kxd3
{[%clk 1:27:15]} Rg8 {[%clk 1:09:48]} 16. Rag1 {[%clk 1:20:42]} f5
{[%clk 1:08:23]} 17. Ne2 {[%clk 1:19:24]} Bd6 {[%clk 1:07:32]} 18. Rh4
{[%clk 1:16:42]} Nf6 {[%clk 1:06:03]} 19. Rf4 {[%clk 1:12:20]} Bxf4
{[%clk 1:01:43]} 20. Nxf4 {[%clk 1:11:40]} Ne4 {[%clk 1:01:15]} 21. Ke2
{[%clk 1:09:41]} f6 {[%clk 1:00:07]} 22. Ng6 {[%clk 1:04:57]} Kd7
{[%clk 0:57:02]} 23. Nfh4 {[%clk 1:04:23]} Nd6 {[%clk 0:54:59]} 24. Rh1
{[%clk 1:00:56]} b6 {[%clk 0:52:07]} 25. Rh3 {[%clk 0:54:15]} c5 {[%clk 0:48:22]}
26. Rf3 {[%clk 0:47:21]} cxd4 {[%clk 0:43:43]} 27. exd4 {[%clk 0:47:26]} Rge8+
{[%clk 0:43:17]} 28. Kd3 {[%clk 0:47:15]} Re4 {[%clk 0:36:59]} 29. Nxf5
{[%clk 0:46:17]} Nxf5 {[%clk 0:34:12]} 30. Rxf5 {[%clk 0:46:46]} Ke6
{[%clk 0:29:03]} 31. Rf3 {[%clk 0:46:00]} f5 {[%clk 0:23:48]} 32. Rg3
{[%clk 0:40:44]} Rg4 {[%clk 0:14:17]} 33. Re3+ {[%clk 0:36:15]} Re4
{[%clk 0:12:32]} 34. Rg3 {[%clk 0:35:21]} Rg4 {[%clk 0:01:45]} 35. Re3+
{[%clk 0:32:41]} Re4 {[%clk 0:01:28]} 36. Rg3 {[%clk 0:29:22]} Rg4
{[%clk 0:01:01]} 37. Rf3 {[%clk 0:09:44]} Kf6 {[%clk 0:01:06]} 38. Nf4
{[%clk 0:09:33]} Rd6 {[%clk 0:00:59]} 39. g3 {[%clk 0:09:24]} Rg7
{[%clk 0:01:01]} 40. Kd2 {[%clk 0:06:19]} Rc7 41. Re3 {[%clk 0:06:05]} a5
{[%clk 0:00:49]} 42. Re5 {[%clk 0:05:31]} Rcd7 {[%clk 0:01:18]} 43. f3
{[%clk 0:05:25]} Rg7 {[%clk 0:00:42]} 44. Nxd5+ {[%clk 0:05:14]} Kf7
{[%clk 0:00:31]} 45. Rxf5+ {[%clk 0:05:24]} Ke6 {[%clk 0:00:41]} 46. Re5+
{[%clk 0:05:43]} Kd7 {[%clk 0:00:50]} 47. g4 {[%clk 0:04:59]} Rf7
{[%clk 0:00:59]} 48. Ke3 {[%clk 0:04:48]} Kc6 {[%clk 0:00:39]} 49. Ne7+
{[%clk 0:04:52]} Kd7 {[%clk 0:01:08]} 50. Nf5 {[%clk 0:05:12]} Rc6
{[%clk 0:00:37]} 51. Kd3 {[%clk 0:05:21]} Kc7 {[%clk 0:00:32]} 52. d5
{[%clk 0:05:07]} Rcf6 {[%clk 0:00:35]} 53. d6+ {[%clk 0:05:08]} Rxd6+
{[%clk 0:00:34]} 54. Nxd6 {[%clk 0:05:29]} Kxd6 {[%clk 0:01:00]} 55. Re3
{[%clk 0:05:23]} Kd5 {[%clk 0:00:49]} 56. Ke2 {[%clk 0:04:57]} Rc7
{[%clk 0:01:14]} 57. Kf2 {[%clk 0:05:03]} Rc2+ {[%clk 0:01:38]} 58. Re2
{[%clk 0:05:27]} Rc4 {[%clk 0:01:43]} 59. Ke1 1-0

[Event "Glorney Gilbert International 2015 - Glorney"]
[Site "Johnstown House, Enfield, Co. Meath, Ireland"]
[Date "2015.07.20"]
[Round "2.10"]
[White "SCO He, Ben"]
[Black "IRL Maher, Conor"]
[Result "0-1"]
[BlackElo "1947"]
[WhiteElo "1704"]
[LiveChessVersion "1.4.6"]

1. e4 {[%clk 1:30:56]} c6 {[%clk 1:30:56]} 2. c4 {[%clk 1:31:23]} d5
{[%clk 1:31:22]} 3. cxd5 {[%clk 1:31:46]} cxd5 {[%clk 1:31:47]} 4. exd5
{[%clk 1:32:13]} Nf6 {[%clk 1:32:10]} 5. Bb5+ {[%clk 1:32:29]} Nbd7
{[%clk 1:31:54]} 6. Nc3 {[%clk 1:32:37]} g6 {[%clk 1:32:13]} 7. Nf3
{[%clk 1:30:45]} Bg7 {[%clk 1:32:26]} 8. d6 {[%clk 1:28:34]} e6 {[%clk 1:31:28]}
9. d4 {[%clk 1:27:34]} O-O {[%clk 1:30:28]} 10. O-O {[%clk 1:25:56]} a6
{[%clk 1:28:06]} 11. Be2 {[%clk 1:19:12]} Nb6 {[%clk 1:23:44]} 12. Bf4
{[%clk 1:17:45]} Nbd5 {[%clk 1:17:09]} 13. Be5 {[%clk 1:15:06]} Nxc3
{[%clk 1:15:07]} 14. bxc3 {[%clk 1:15:19]} Ne4 {[%clk 1:15:16]} 15. Qb3
{[%clk 1:10:47]} Nxd6 {[%clk 1:12:09]} 16. Rab1 {[%clk 1:05:25]} Ne4
{[%clk 1:08:26]} 17. Bd3 {[%clk 1:04:40]} Ng5 {[%clk 1:07:54]} 18. Nxg5
{[%clk 1:02:57]} Bxe5 {[%clk 1:07:03]} 19. Nf3 {[%clk 0:59:25]} Bc7
{[%clk 1:06:28]} 20. Be4 {[%clk 0:57:51]} Kg7 {[%clk 0:58:41]} 21. c4
{[%clk 0:55:44]} f5 {[%clk 0:53:39]} 22. Bc2 {[%clk 0:52:53]} b6 {[%clk 0:50:09]}
23. Rfd1 {[%clk 0:49:07]} Bb7 {[%clk 0:44:37]} 24. Ne5 {[%clk 0:48:47]} Qe7
{[%clk 0:38:25]} 25. f4 {[%clk 0:44:33]} Rfd8 {[%clk 0:35:47]} 26. Qe3
{[%clk 0:40:48]} Rab8 {[%clk 0:32:50]} 27. Bb3 {[%clk 0:38:13]} Be4
{[%clk 0:31:55]} 28. Rb2 {[%clk 0:38:07]} Bxe5 {[%clk 0:28:10]} 29. fxe5
{[%clk 0:38:15]} Qa3 {[%clk 0:27:22]} 30. Rbd2 {[%clk 0:36:15]} Rbc8
{[%clk 0:23:03]} 31. Qg5 {[%clk 0:35:45]} Rf8 {[%clk 0:22:37]} 32. d5
{[%clk 0:34:47]} h6 {[%clk 0:22:28]} 33. Qe3 {[%clk 0:32:37]} exd5
{[%clk 0:22:20]} 34. cxd5 {[%clk 0:33:01]} Rc1 {[%clk 0:22:05]} 35. Qxb6
{[%clk 0:30:32]} Rxd1+ {[%clk 0:22:06]} 36. Rxd1 {[%clk 0:30:56]} Qb2
{[%clk 0:22:10]} 37. Qf2 {[%clk 0:30:03]} Qxe5 {[%clk 0:22:28]} 38. d6
{[%clk 0:27:17]} Rd8 {[%clk 0:21:13]} 39. Qa7+ {[%clk 0:26:00]} Kf6
{[%clk 0:21:39]} 40. Qf7+ {[%clk 0:24:16]} Kg5 {[%clk 0:22:05]} 41. Qc7
{[%clk 0:19:27]} Qb2 {[%clk 0:20:31]} 42. Qxd8+ {[%clk 0:12:16]} Kh5
{[%clk 0:20:25]} 43. Kf1 {[%clk 0:10:56]} Qxg2+ {[%clk 0:19:43]} 44. Ke1
{[%clk 0:11:23]} Bf3 {[%clk 0:19:10]} 45. Qe7 {[%clk 0:11:00]} Qg1+
{[%clk 0:19:22]} 46. Kd2 {[%clk 0:11:11]} Qd4+ {[%clk 0:19:42]} 47. Kc1
{[%clk 0:09:24]} Qa1+ {[%clk 0:17:26]} 48. Kd2 {[%clk 0:09:47]} Qd4+
{[%clk 0:17:54]} 49. Kc1 {[%clk 0:10:13]} Qa1+ {[%clk 0:18:16]} 50. Kc2
{[%clk 0:08:25]} Qxd1+ {[%clk 0:17:54]} 51. Kc3 {[%clk 0:08:51]} Qa1+
{[%clk 0:17:52]} 52. Kc4 {[%clk 0:08:42]} Qf1+ {[%clk 0:17:07]} 53. Kd4
{[%clk 0:08:48]} Qa1+ {[%clk 0:16:06]} 54. Kc4 {[%clk 0:08:28]} Qf1+
{[%clk 0:15:59]} 55. Kd4 {[%clk 0:07:47]} Qa1+ {[%clk 0:15:07]} 56. Ke3
{[%clk 0:07:22]} Qc3+ {[%clk 0:15:20]} 57. Kf2 {[%clk 0:07:34]} Bg4
{[%clk 0:11:59]} 58. d7 {[%clk 0:06:21]} Qd2+ {[%clk 0:10:04]} 59. Kg1
{[%clk 0:05:20]} Bh3 {[%clk 0:05:21]} 60. Bd1+ {[%clk 0:05:21]} Qxd1+
{[%clk 0:05:25]} 61. Kf2 {[%clk 0:05:47]} Qf1+ {[%clk 0:05:44]} 62. Kg3
{[%clk 0:05:52]} f4# {[%clk 0:06:03]} 0-1

[Event "Glorney Gilbert International 2015 - Glorney"]
[Site "Johnstown House, Enfield, Co. Meath, Ireland"]
[Date "2015.07.21"]
[Round "3.1"]
[White "IRL O'Donnell, Conor"]
[Black "ENG Willson, Ollie"]
[Result "1/2-1/2"]
[BlackElo "1909"]
[WhiteElo "2263"]
[LiveChessVersion "1.4.6"]

1. e4 c5 2. Nf3 e6 3. d4 cxd4 4. Nxd4 Nc6 5. Nc3 Qc7 6. Be3 a6 7. Be2 Nf6 8. O-O
Bb4 9. Nxc6 bxc6 10. f4 O-O 11. e5 Nd5 12. Nxd5 cxd5 13. Qd4 Be7 14. c4 Bb7 15.
Rfc1 dxc4 16. Rxc4 Qd8 17. Rd1 Bd5 18. Ra4 Qc8 19. f5 f6 20. fxe6 dxe6 21. Bd3 f5
22. Rc1 Qb7 23. Bc4 Bxg2 24. Bxe6+ Kh8 25. Rac4 Rad8 26. Qc3 Bh3 27. Rc6 Qb5 28.
Rc4 Qb7 29. Rc6 Qb5 30. Bf2 Bg4 31. Rb6 Qe2 32. Bc4 Rd1+ 33. Rxd1 Qxd1+ 34. Kg2
f4 35. Qd3 1/2-1/2

[Event "Glorney Gilbert International 2015 - Glorney"]
[Site "Johnstown House, Enfield, Co. Meath, Ireland"]
[Date "2015.07.21"]
[Round "3.2"]
[White "ENG Fraser, John"]
[Black "IRL Mulligan, Scott"]
[Result "0-1"]
[BlackElo "1957"]
[WhiteElo "1913"]
[LiveChessVersion "1.4.6"]

1. e4 {[%clk 1:30:57]} e6 {[%clk 1:30:54]} 2. d4 {[%clk 1:31:23]} d5
{[%clk 1:31:16]} 3. Nd2 {[%clk 1:31:50]} a6 {[%clk 1:31:36]} 4. Ngf3
{[%clk 1:31:29]} c5 {[%clk 1:31:55]} 5. exd5 {[%clk 1:16:50]} exd5
{[%clk 1:31:51]} 6. dxc5 {[%clk 1:14:30]} Bxc5 {[%clk 1:32:11]} 7. Nb3
{[%clk 1:14:05]} Ba7 {[%clk 1:31:28]} 8. Bd3 {[%clk 1:12:07]} Qe7+
{[%clk 1:28:39]} 9. Qe2 {[%clk 1:10:45]} Qxe2+ {[%clk 1:27:49]} 10. Kxe2
{[%clk 1:10:12]} Nf6 {[%clk 1:25:38]} 11. Be3 {[%clk 1:03:25]} Bg4
{[%clk 1:22:09]} 12. h3 {[%clk 0:59:33]} Bxf3+ {[%clk 1:19:02]} 13. Kxf3
{[%clk 0:59:19]} Bxe3 {[%clk 1:10:39]} 14. Rhe1 {[%clk 0:56:24]} O-O
{[%clk 1:09:13]} 15. Rxe3 {[%clk 0:56:17]} Nc6 {[%clk 1:09:17]} 16. c3
{[%clk 0:55:11]} g6 {[%clk 1:06:30]} 17. Rae1 {[%clk 0:44:59]} Rfd8 18. Nd4
{[%clk 0:29:25]} Nxd4+ {[%clk 0:54:15]} 19. cxd4 {[%clk 0:29:50]} Kf8
{[%clk 0:51:07]} 20. Re5 {[%clk 0:25:42]} Rac8 {[%clk 0:38:49]} 21. Ke3
{[%clk 0:23:48]} Ne8 {[%clk 0:32:17]} 22. Kd2 {[%clk 0:16:39]} Ng7
{[%clk 0:28:05]} 23. Re7 {[%clk 0:15:11]} Rb8 {[%clk 0:28:17]} 24. R7e5
{[%clk 0:09:34]} Ne6 {[%clk 0:24:35]} 25. Rc1 {[%clk 0:08:14]} Rd6
{[%clk 0:23:23]} 26. Rc3 {[%clk 0:02:38]} Nxd4 {[%clk 0:19:40]} 27. Bb1
{[%clk 0:01:25]} Nc6 {[%clk 0:17:49]} 28. Re1 {[%clk 0:01:28]} Re6
{[%clk 0:17:37]} 29. Rce3 {[%clk 0:00:43]} Rbe8 {[%clk 0:18:01]} 30. a3
{[%clk 0:00:44]} Ke7 {[%clk 0:14:24]} 31. Rd3 {[%clk 0:00:39]} Kd6
{[%clk 0:12:15]} 32. Rde3 {[%clk 0:00:37]} Na5 {[%clk 0:09:16]} 33. Ba2
{[%clk 0:00:50]} b5 {[%clk 0:08:02]} 34. b3 {[%clk 0:00:40]} Rc8 {[%clk 0:07:59]}
35. Bb1 {[%clk 0:00:40]} d4 {[%clk 0:05:49]} 36. Re4 {[%clk 0:00:40]} Nxb3+
{[%clk 0:06:08]} 37. Kd3 {[%clk 0:00:51]} Rc3+ {[%clk 0:06:31]} 38. Ke2
{[%clk 0:01:09]} Rxe4+ {[%clk 0:03:12]} 39. Bxe4 d3+ {[%clk 0:03:20]} 40. Bxd3
{[%clk 0:01:19]} Nc1+ {[%clk 0:03:45]} 41. Kd2 {[%clk 0:01:14]} Nxd3
{[%clk 0:04:10]} 42. Ra1 {[%clk 0:00:34]} Rb3 {[%clk 0:04:31]} 43. a4
{[%clk 0:00:49]} b4 {[%clk 0:04:44]} 44. Kc2 {[%clk 0:00:43]} Rc3+
{[%clk 0:05:09]} 45. Kd2 {[%clk 0:01:00]} a5 {[%clk 0:05:35]} 46. f3
{[%clk 0:01:09]} Nc5 {[%clk 0:05:48]} 47. Re1 {[%clk 0:01:13]} Ne6
{[%clk 0:06:02]} 48. Ke2 {[%clk 0:01:20]} Kd5 {[%clk 0:06:19]} 49. Kf2
{[%clk 0:01:22]} b3 {[%clk 0:05:57]} 50. f4 {[%clk 0:01:09]} b2 {[%clk 0:06:15]}
51. Re5+ {[%clk 0:01:11]} Kc4 {[%clk 0:06:33]} 52. Rb5 {[%clk 0:01:34]} Rb3
{[%clk 0:06:49]} 0-1

[Event "Glorney Gilbert International 2015 - Glorney"]
[Site "Johnstown House, Enfield, Co. Meath, Ireland"]
[Date "2015.07.21"]
[Round "3.3"]
[White "IRL Byrne, Alex"]
[Black "ENG Gallagher, Daniel"]
[Result "1/2-1/2"]
[BlackElo "1902"]
[WhiteElo "1558"]
[LiveChessVersion "1.4.6"]

1. e4 c5 2. c3 Nf6 3. e5 Nd5 4. g3 d6 5. exd6 Nc6 6. Bg2 Qxd6 7. Na3 Bf5 8. Nc4
Qd7 9. Ne3 Nxe3 10. fxe3 Ne5 11. Ne2 Nd3+ 12. Kf1 Bg4 13. Qb3 Rb8 14. Qd5 e6 15.
Qxd7+ Kxd7 16. Nf4 Nxf4 17. exf4 c4 18. h3 Bf5 19. Kf2 Bc5+ 20. Kf3 b5 21. g4 Bd3
22. Bf1 Bxf1 23. Rxf1 Kc6 24. d4 cxd3 25. Rd1 Rhd8 26. Ke4 Rd5 27. Be3 Bxe3 28.
Kxe3 Rbd8 29. Rd2 Kc5 30. Rad1 e5 31. f5 f6 32. Rxd3 Rxd3+ 33. Rxd3 Rxd3+ 34.
Kxd3 Kd5 35. b3 a6 36. h4 h6 37. Ke3 a5 38. Kd3 a4 1/2-1/2

[Event "Glorney Gilbert International 2015 - Glorney"]
[Site "Johnstown House, Enfield, Co. Meath, Ireland"]
[Date "2015.07.21"]
[Round "3.4"]
[White "ENG Green, Michael"]
[Black "IRL O'Gorman, Tom"]
[Result "1/2-1/2"]
[BlackElo "1859"]
[WhiteElo "1910"]
[LiveChessVersion "1.4.6"]

1. Nf3 {[%clk 1:30:56]} d5 {[%clk 1:30:55]} 2. c4 {[%clk 1:31:21]} d4
{[%clk 1:31:21]} 3. e3 {[%clk 1:31:40]} Nc6 {[%clk 1:30:59]} 4. exd4
{[%clk 1:24:37]} Nxd4 {[%clk 1:31:12]} 5. h3 {[%clk 1:19:16]} Bf5
{[%clk 1:30:11]} 6. d3 {[%clk 1:18:56]} g6 {[%clk 1:28:00]} 7. Nc3
{[%clk 1:13:49]} Bg7 {[%clk 1:27:33]} 8. Be3 {[%clk 1:07:13]} e5 {[%clk 1:24:49]}
9. Bxd4 {[%clk 1:03:57]} exd4 {[%clk 1:24:38]} 10. Nd5 {[%clk 0:59:57]} Ne7
{[%clk 1:21:45]} 11. Qe2 {[%clk 0:57:33]} c6 {[%clk 1:17:30]} 12. Qxe7+
{[%clk 0:47:48]} Qxe7+ {[%clk 1:17:52]} 13. Nxe7 {[%clk 0:48:16]} Kxe7
{[%clk 1:18:11]} 14. Kd2 {[%clk 0:38:59]} Kd6 {[%clk 1:16:46]} 15. Be2
{[%clk 0:38:28]} Rhe8 {[%clk 1:15:58]} 16. Rhe1 {[%clk 0:38:33]} Re7
{[%clk 1:14:34]} 17. Bf1 {[%clk 0:36:55]} Rae8 {[%clk 1:14:20]} 18. Rxe7
{[%clk 0:30:56]} Rxe7 {[%clk 1:14:18]} 19. Re1 {[%clk 0:28:17]} Rxe1
{[%clk 1:13:57]} 20. Nxe1 {[%clk 0:28:13]} c5 {[%clk 1:13:33]} 21. Be2
{[%clk 0:24:42]} a6 {[%clk 1:11:45]} 22. Bf3 {[%clk 0:22:27]} Bh6+
{[%clk 1:10:27]} 23. Kc2 {[%clk 0:21:54]} Kc7 {[%clk 1:06:46]} 24. Bd5
{[%clk 0:20:42]} Be6 {[%clk 1:06:16]} 25. Bxe6 {[%clk 0:20:58]} fxe6
{[%clk 1:06:40]} 26. a4 {[%clk 0:18:09]} Kd6 {[%clk 1:06:00]} 27. Kd1
{[%clk 0:17:14]} Ke5 {[%clk 1:03:19]} 28. Ke2 {[%clk 0:17:01]} Kf4
{[%clk 1:01:45]} 29. g3+ {[%clk 0:16:36]} Kf5 {[%clk 1:01:12]} 30. Kf3
{[%clk 0:15:59]} e5 {[%clk 1:00:28]} 31. Ng2 {[%clk 0:15:25]} Bc1
{[%clk 0:58:07]} 32. b3 {[%clk 0:15:48]} g5 {[%clk 0:57:53]} 33. g4+
{[%clk 0:13:32]} Ke6 {[%clk 0:57:13]} 34. Ne1 {[%clk 0:10:15]} Bd2
{[%clk 0:55:43]} 35. Nc2 {[%clk 0:10:00]} Ba5 {[%clk 0:53:50]} 36. Ke4
{[%clk 0:10:05]} Bc3 {[%clk 0:53:17]} 37. Kf3 {[%clk 0:10:18]} Ba5 38. Ke4
1/2-1/2

[Event "Glorney Gilbert International 2015 - Glorney"]
[Site "Johnstown House, Enfield, Co. Meath, Ireland"]
[Date "2015.07.21"]
[Round "3.5"]
[White "IRL Maher, Conor"]
[Black "ENG Dalton, Joseph"]
[Result "0-1"]
[BlackElo "1825"]
[WhiteElo "1947"]
[LiveChessVersion "1.4.6"]

1. e4 g6 {[%clk 1:29:03]} 2. d4 {[%clk 1:31:11]} Bg7 {[%clk 1:29:21]} 3. Nc3
{[%clk 1:31:35]} c5 {[%clk 1:29:45]} 4. dxc5 {[%clk 1:32:03]} Bxc3+
{[%clk 1:30:09]} 5. bxc3 {[%clk 1:32:29]} Nc6 {[%clk 1:29:53]} 6. Bd3
{[%clk 1:30:29]} Qa5 {[%clk 1:30:02]} 7. Ne2 {[%clk 1:30:13]} Qxc5
{[%clk 1:30:04]} 8. Be3 {[%clk 1:29:56]} Qa5 {[%clk 1:29:51]} 9. O-O
{[%clk 1:29:13]} Nf6 {[%clk 1:29:23]} 10. Bh6 {[%clk 1:26:04]} Ng4
{[%clk 1:28:20]} 11. Bg7 {[%clk 1:25:16]} Rg8 {[%clk 1:28:46]} 12. Bd4
{[%clk 1:24:53]} e5 {[%clk 1:21:21]} 13. Be3 {[%clk 1:25:07]} Nxe3
{[%clk 1:21:36]} 14. fxe3 {[%clk 1:25:28]} Qc5 {[%clk 1:21:17]} 15. Rf3
{[%clk 1:23:27]} d6 {[%clk 1:21:03]} 16. h3 {[%clk 1:22:52]} f5 17. Rb1
{[%clk 1:22:44]} a6 {[%clk 1:13:13]} 18. Kh1 {[%clk 1:21:12]} d5 {[%clk 1:01:58]}
19. Ng3 {[%clk 1:20:47]} b5 20. exd5 Ne7 {[%clk 0:42:54]} 21. e4 {[%clk 1:19:19]}
f4 {[%clk 0:43:16]} 22. Ne2 {[%clk 1:19:13]} g5 {[%clk 0:42:41]} 23. Qg1
{[%clk 1:15:15]} Qd6 {[%clk 0:41:41]} 24. g4 {[%clk 1:07:45]} h5 {[%clk 0:41:46]}
25. Rf2 {[%clk 1:03:31]} Ng6 {[%clk 0:20:04]} 26. c4 hxg4 27. hxg4
{[%clk 1:03:16]} Rh8+ {[%clk 0:19:53]} 28. Rh2 {[%clk 1:03:37]} Rxh2+
{[%clk 0:20:19]} 29. Qxh2 {[%clk 1:03:56]} Bxg4 {[%clk 0:20:39]} 30. c5
{[%clk 0:58:10]} Qxc5 {[%clk 0:18:23]} 31. Qh6 {[%clk 0:56:35]} Bf3+
{[%clk 0:18:34]} 32. Kh2 {[%clk 0:56:32]} Qf2+ {[%clk 0:18:58]} 0-1

[Event "Glorney Gilbert International 2015 - Glorney"]
[Site "Johnstown House, Enfield, Co. Meath, Ireland"]
[Date "2015.07.21"]
[Round "3.6"]
[White "SCO Koehn, Lennart"]
[Black "WLS Evans, Nicholas"]
[Result "1/2-1/2"]
[BlackElo "1923"]
[WhiteElo "1862"]
[LiveChessVersion "1.4.6"]

1. e4 {[%clk 1:30:56]} e5 {[%clk 1:30:55]} 2. Nc3 {[%clk 1:31:10]} Nf6
{[%clk 1:31:13]} 3. g3 {[%clk 1:31:32]} d5 {[%clk 1:18:21]} 4. exd5
{[%clk 1:31:29]} Nxd5 {[%clk 1:17:39]} 5. Bg2 {[%clk 1:31:44]} c6
{[%clk 1:16:51]} 6. Qe2 {[%clk 1:21:21]} Be6 {[%clk 1:08:46]} 7. Nf3
{[%clk 1:16:24]} Nb4 {[%clk 1:01:13]} 8. d3 {[%clk 1:11:08]} Nd7 {[%clk 0:57:15]}
9. O-O {[%clk 1:00:18]} Bd6 {[%clk 0:52:23]} 10. Ng5 {[%clk 0:56:34]} Qe7
{[%clk 0:49:47]} 11. Nxe6 {[%clk 0:55:53]} Qxe6 {[%clk 0:49:03]} 12. Ne4
{[%clk 0:50:06]} Bc7 {[%clk 0:47:57]} 13. Be3 {[%clk 0:40:26]} Bb6
{[%clk 0:41:08]} 14. Qd2 {[%clk 0:29:17]} Nd5 {[%clk 0:39:22]} 15. Bxb6
{[%clk 0:29:24]} axb6 {[%clk 0:39:34]} 16. d4 {[%clk 0:27:10]} O-O
{[%clk 0:28:15]} 17. Rfe1 {[%clk 0:24:53]} N5f6 {[%clk 0:21:26]} 18. Nxf6+
{[%clk 0:21:41]} Qxf6 {[%clk 0:20:50]} 19. dxe5 {[%clk 0:20:34]} Nxe5
{[%clk 0:20:57]} 20. Qc3 {[%clk 0:19:32]} Rfe8 {[%clk 0:17:13]} 21. a4
{[%clk 0:16:09]} g6 {[%clk 0:12:34]} 22. f4 {[%clk 0:15:50]} Nd7 {[%clk 0:12:31]}
23. Qxf6 {[%clk 0:16:06]} Nxf6 {[%clk 0:12:59]} 24. b3 {[%clk 0:14:13]} Kg7
{[%clk 0:11:35]} 25. h3 {[%clk 0:13:36]} h5 {[%clk 0:11:42]} 26. Kf2
{[%clk 0:13:49]} Nd7 {[%clk 0:05:26]} 27. Rxe8 {[%clk 0:12:09]} Rxe8
{[%clk 0:05:54]} 28. Rd1 {[%clk 0:07:01]} Nc5 {[%clk 0:05:51]} 29. Rd2
{[%clk 0:06:47]} 1/2-1/2

[Event "Glorney Gilbert International 2015 - Glorney"]
[Site "Johnstown House, Enfield, Co. Meath, Ireland"]
[Date "2015.07.21"]
[Round "3.7"]
[White "WLS Thomas,Ben"]
[Black "SCO Shafi, Declan"]
[Result "1-0"]
[BlackElo "1908"]
[WhiteElo "1850"]
[LiveChessVersion "1.4.6"]

1. e4 {[%clk 1:30:46]} e5 {[%clk 1:30:56]} 2. Nf3 {[%clk 1:30:53]} Nc6
{[%clk 1:31:21]} 3. d4 {[%clk 1:31:02]} exd4 {[%clk 1:31:46]} 4. Nxd4
{[%clk 1:31:27]} Nf6 {[%clk 1:32:11]} 5. Nxc6 {[%clk 1:31:25]} bxc6
{[%clk 1:32:35]} 6. Bd3 {[%clk 1:31:29]} d5 {[%clk 1:32:59]} 7. e5
{[%clk 1:28:03]} Ng4 {[%clk 1:33:24]} 8. Bf4 {[%clk 1:25:18]} g5 {[%clk 1:33:49]}
9. Bg3 {[%clk 1:24:42]} Bg7 {[%clk 1:34:10]} 10. O-O {[%clk 1:17:32]} Nxe5
{[%clk 1:27:15]} 11. Re1 {[%clk 1:16:00]} Qe7 {[%clk 1:25:38]} 12. Qe2
{[%clk 1:09:15]} f6 {[%clk 1:23:16]} 13. Bxe5 {[%clk 1:05:03]} fxe5
{[%clk 1:23:31]} 14. Qh5+ {[%clk 1:04:11]} Qf7 {[%clk 1:22:06]} 15. Qxg5
{[%clk 1:00:53]} e4 {[%clk 1:16:45]} 16. Be2 {[%clk 0:52:28]} O-O
{[%clk 1:14:54]} 17. Rf1 {[%clk 0:42:08]} Kh8 {[%clk 1:12:35]} 18. c3
{[%clk 0:40:10]} Rb8 {[%clk 1:06:58]} 19. Qd2 {[%clk 0:33:35]} Qg6
{[%clk 1:02:52]} 20. Kh1 {[%clk 0:30:12]} Be5 {[%clk 0:58:09]} 21. f3
{[%clk 0:27:44]} Rg8 {[%clk 0:55:52]} 22. Rf2 {[%clk 0:21:15]} Bh3
{[%clk 0:48:25]} 23. Bf1 {[%clk 0:20:00]} Rbf8 {[%clk 0:45:53]} 24. Na3
{[%clk 0:14:31]} Rxf3 {[%clk 0:44:30]} 25. Rxf3 {[%clk 0:11:13]} exf3
{[%clk 0:44:36]} 26. g3 {[%clk 0:10:59]} Bf5 {[%clk 0:44:16]} 27. Re1
{[%clk 0:10:26]} Be4 {[%clk 0:43:40]} 28. Qf2 {[%clk 0:10:18]} Qh5
{[%clk 0:43:20]} 29. Kg1 {[%clk 0:10:03]} Rg6 {[%clk 0:42:52]} 30. Nc4
{[%clk 0:05:35]} Bf4 {[%clk 0:40:14]} 31. Rxe4 {[%clk 0:03:36]} dxe4
{[%clk 0:40:30]} 32. Qd4+ {[%clk 0:03:52]} Kg8 {[%clk 0:39:47]} 33. Qd8+
{[%clk 0:02:59]} Kf7 {[%clk 0:38:44]} 34. Qd7+ {[%clk 0:02:45]} Kf6
{[%clk 0:37:38]} 35. Qd8+ {[%clk 0:02:54]} Kf5 {[%clk 0:32:55]} 36. Bh3+
{[%clk 0:01:50]} Qxh3 {[%clk 0:31:35]} 37. Qd7+ {[%clk 0:01:43]} Re6
{[%clk 0:31:06]} 38. Qf7+ {[%clk 0:01:57]} Kg5 {[%clk 0:29:17]} 39. gxf4+
{[%clk 0:01:34]} Kh4 {[%clk 0:28:19]} 40. Qxh7+ {[%clk 0:01:48]} Kg4
{[%clk 0:27:29]} 41. Ne3+ {[%clk 0:01:16]} Kxf4 {[%clk 0:27:25]} 42. Qxh3
{[%clk 0:01:23]} Rd6 {[%clk 0:27:31]} 43. Nf1 {[%clk 0:01:12]} Rg6+
{[%clk 0:26:01]} 44. Ng3 {[%clk 0:01:28]} e3 {[%clk 0:24:32]} 45. Qf5# 1-0

[Event "Glorney Gilbert International 2015 - Glorney"]
[Site "Johnstown House, Enfield, Co. Meath, Ireland"]
[Date "2015.07.21"]
[Round "4.1"]
[White "IRL O'Donnell, Conor"]
[Black "SCO Koehn, Lennart"]
[Result "1-0"]
[BlackElo "1862"]
[WhiteElo "2263"]
[LiveChessVersion "1.4.6"]

1. d4 Nf6 2. Nf3 g6 3. c4 c5 4. d5 b5 5. cxb5 a6 6. bxa6 Bxa6 7. Nc3 d6 8. e4
Bxf1 9. Kxf1 Bg7 10. g3 O-O 11. Kg2 Nbd7 12. a4 Qa5 13. Bd2 Rfb8 14. Nb5 Qb6 15.
Qe2 Ne8 16. Bc3 Nc7 17. Nxc7 Qxc7 18. Ra3 Bxc3 19. bxc3 Ra5 20. Rha1 Rba8 21. Nd2
Nb6 22. Nc4 Nxc4 23. Qxc4 Qd7 24. f4 Rb8 25. Qe2 Rba8 26. Qc4 Rb8 27. R1a2 Rba8
28. h3 Qa7 29. g4 Qa6 30. Qxa6 R8xa6 31. Kf3 f6 32. Ke3 h6 33. h4 g5 34. hxg5
hxg5 35. fxg5 fxg5 36. Ra1 Kg7 37. R3a2 Ra8 38. Rh1 Rxa4 39. Rah2 Rg8 40. Rh7+
Kf8 41. Rf1+ Ke8 42. Rb1 Kd7 43. Rb7+ Kc8 44. Rhxe7 Ra3 45. Kd3 Rf8 46. Rec7+ Kd8
47. Rb8+ Kxc7 48. Rxf8 Ra1 49. Rf5 1-0